| 000 | 00449nam a2200181Ia 4500 | ||
|---|---|---|---|
| 003 | LK-CoDNM | ||
| 005 | 20240422150813.0 | ||
| 008 | 010623t1941 xxu||||| |||| 00| 1 sin d | ||
| 040 |
_aLK-CoDNM _dLK-CoDNM _eLK-CoDNM |
||
| 041 | _asin | ||
| 080 | _aඡ83 | ||
| 100 | _aAmarasiri Thero, Boosse | ||
| 245 | _aඋද්යෝගය | ||
| 246 | _aThe Udyoogaya | ||
| 260 |
_bD M Wijesinghe _aMaradana _c1941 |
||
| 300 | _a14P.,27 cm | ||
| 942 | _cBK | ||
| 999 |
_c99843 _d99843 |
||